Départements français - ordre aléatoire - Statistiques

Statistiques générales
  • Ce quiz a été pris 26 fois
  • Le résultat moyen est 66 sur 101
Statistiques - réponses
Numéro Département % Correct
01 Ain
89%
02 Aisne
84%
03 Allier
84%
2A Corse-du-Sud
84%
68 Haut-Rhin
84%
12 Aveyron
79%
13 Bouches-du-Rhône
79%
14 Calvados
79%
92 Hauts-de-Seine
79%
34 Hérault
79%
40 Landes
79%
974 La Réunion
79%
64 Pyrénées-Atlantiques
79%
66 Pyrénées-Orientales
79%
80 Somme
79%
84 Vaucluse
79%
04 Alpes-de-Haute-Provence
74%
07 Ardèche
74%
08 Ardennes
74%
67 Bas-Rhin
74%
17 Charente-Maritime
74%
19 Corrèze
74%
21 Côte-d'Or
74%
33 Gironde
74%
2B Haute-Corse
74%
38 Isère
74%
42 Loire
74%
44 Loire-Atlantique
74%
57 Moselle
74%
60 Oise
74%
75 Paris
74%
62 Pas-de-Calais
74%
69 Rhône
74%
93 Seine-Saint-Denis
74%
88 Vosges
74%
06 Alpes-Maritimes
68%
09 Ariège
68%
10 Aube
68%
11 Aude
68%
18 Cher
68%
23 Creuse
68%
26 Drôme
68%
28 Eure-et-Loir
68%
65 Hautes-Pyrénées
68%
36 Indre
68%
59 Nord
68%
76 Seine-Maritime
68%
95 Val-d'Oise
68%
83 Var
68%
89 Yonne
68%
78 Yvelines
68%
15 Cantal
63%
22 Côtes-d'Armor
63%
79 Deux-Sèvres
63%
25 Doubs
63%
29 Finistère
63%
30 Gard
63%
973 Guyane
63%
74 Haute-Savoie
63%
87 Haute-Vienne
63%
39 Jura
63%
46 Lot
63%
50 Manche
63%
51 Marne
63%
53 Mayenne
63%
56 Morbihan
63%
58 Nièvre
63%
71 Saône-et-Loire
63%
77 Seine-et-Marne
63%
81 Tarn
63%
85 Vendée
63%
16 Charente
58%
32 Gers
58%
971 Guadeloupe
58%
31 Haute-Garonne
58%
35 Ille-et-Vilaine
58%
976 Mayotte
58%
55 Meuse
58%
61 Orne
58%
73 Savoie
58%
90 Territoire de Belfort
58%
91 Essonne
53%
27 Eure
53%
43 Haute-Loire
53%
05 Hautes-Alpes
53%
45 Loiret
53%
47 Lot-et-Garonne
53%
48 Lozère
53%
972 Martinique
53%
54 Meurthe-et-Moselle
53%
72 Sarthe
53%
82 Tarn-et-Garonne
53%
94 Val-de-Marne
53%
86 Vienne
53%
52 Haute-Marne
47%
70 Haute-Saône
47%
37 Indre-et-Loire
47%
41 Loir-et-Cher
47%
63 Puy-de-Dôme
47%
24 Dordogne
42%
49 Maine-et-Loire
37%
Aucun quiz correspondant
Distribution des résultats
% des personnes avec chaque résultat
Percentile par nombre de réponses
Votre historique - résultats
Vous n’avez pas pris ce quiz